| 000 | 00000nam##2200000za#4500 |
| 001 | 9.684548 |
| 003 | CaOODSP |
| 005 | 20210615134255 |
| 007 | ta |
| 008 | 150407|2009||||xxc||||| f|0| 0 fre|d |
| 020 | |a978-1-100-91091-8 |
| 040 | |aCaOODSP|bfre |
| 043 | |an-cn--- |
| 086 | 1 |aHS38-16/7-2009F |
| 110 | 1 |aCanada. |bRessources humaines et développement des compétences Canada. |
| 245 | 10|aCahier d'exercices d'acquisition de vocabulaire / |c[publié par le] Bureau de l'alphabétisation et des compétences essentielles. |
| 260 | |aGatineau - Québec : |bRessources humaines et Développement des compétences Canada |cc2009. |
| 300 | |a281p. |
| 500 | |a"Ce cahier d'exercices est conçu pour vous aider à élargir votre vocabulaire. Il comprend 24 leçons accompagnées de divers exercices pour vous aider à apprendre les mots d'usage courant dans le milieu de travail canadien" - en couverture. |
| 520 | 3 |aConçu pour vous aider à élargir votre vocabulaire. Il comprend 24 leçons accompagnées de divers exercices pour vous aider à apprendre les mots d’usage courant dans le milieu de travail canadien. |
| 563 | |aCouverture souple |
| 590 | |a10-01|b2010-01-08 |
| 691 | 07|aTerminologie|2gcpds |
| 775 | 08|tVocabulary building workbook / |w(CaOODSP)9.651524 |
| 776 | 0#|tCahier d'exercices d'acquisition de vocabulaire / |w(CaOODSP)9.636281 |
| 986 | |aWP-102-02-09F |